| 000 | 00432nam a22001697a 4500 | ||
|---|---|---|---|
| 005 | 20180711113509.0 | ||
| 008 | 160618b xxu||||| |||| 00| 0 eng d | ||
| 020 | _a1-4039-1539-6 | ||
| 041 | _aeng | ||
| 082 |
_b8131 _a658.15 |
||
| 100 |
_aSutherland, Jonathan and others _94519 |
||
| 245 | _aKey Concepts in Accounting and Finance | ||
| 260 | _bPalgrace Mac Millan | ||
| 300 | _a248p, | ||
| 650 |
_aManagement _9241 |
||
| 942 | _cBK | ||
| 999 |
_c3098 _d3097 |
||